000 00400nam a2200169Ia 4500
008 090122s9999 xx 000 0 und d
082 _b1786
_a610.6952
100 _aLandau
_bL
_c"D,"
245 _aPhysical Bodies
260 _b"Mir Publishers, Mosow"
_c1977
300 _a248
600 _aLandau
630 _aPhysical Bodies
700 _aLandau
730 _aPhysical Bodies
942 _cBOOK
999 _c25864
_d25864